000 00509nam a2200181 a 4500
001 3485
005 20140414131914.0
008 040721s19uu xx 00 eng d
020 _a
050 _aER
_bW72 2004
100 _aGrimes, Nikki
245 _aWinnie the Pooh :
_cby Nikki Grimes ; illustrated by John Kurtz.
_bOh! bother! No one's listening /
260 _aNew York :
_bA Golden Book,
_c[n.d.]
300 _a1 v. : ill. ; cm.
440 _aPooh
650 _aChildren stories.
999 _c111357
_d111357